000 00427nam a2200121Ia 4500
008 220214s9999 xx 000 0 und d
100 _aGee Geoffrey
245 4 _aThe Interaction between rubber and liquids. X. Some new experimental tests of a statistical thermodynamic theory of rubber-liquid systems
260 _bTransactions of the Faraday Society
_c1946
300 _a33-45
650 _aRubber-liquid system
942 _cRE
999 _c45527
_d45527